000 00397nam a2200157Ia 4500
008 230718s9999 xx 000 0 und d
041 _aeng
082 _a005.27
_bCRA
100 _aCraig C.J.
_9166582
245 _aVisual Basic Workshop
260 _c1993
_bMicrosoft Press
300 _a485
365 _cRs.
_b960.00
700 _aCraig C.J.
_9166582
906 _dB:361330-Mar-1995
_cCOMP
_b144
999 _c293695
_d293695